Razón, tradición y modernidad: re-visión de la Ilustración hispánica
Đã lưu trong:
| Những tác giả chính: | , |
|---|---|
| Định dạng: | Sách |
| Ngôn ngữ: | Tiếng Tây Ban Nha |
| Được phát hành: |
Madrid
Tecnos S. A
1996
|
| Phiên bản: | 1a. ed |
| Loạt: | Ciencia Política
|
| Những chủ đề: | |
| Các nhãn: |
Thêm thẻ
Không có thẻ, Là người đầu tiên thẻ bản ghi này!
|
MARC
| LEADER | 00000cam a2200000 a 4500 | ||
|---|---|---|---|
| 001 | UCD4578 | ||
| 003 | CL-VaPUC | ||
| 008 | 160713e19960000sp |||||||||||||||||spa|d | ||
| 020 | |a 843092812X | ||
| 082 | 0 | 4 | |a 860 |b LAR |2 21 |
| 100 | 0 | |a La Rubia Prado, Francisco |e author |9 588298 | |
| 700 | 0 | |a Torrecilla, Jesús |e author |9 588299 | |
| 245 | 1 | 0 | |a Razón, tradición y modernidad: re-visión de la Ilustración hispánica |
| 250 | |a 1a. ed | ||
| 300 | |a 297 p | ||
| 942 | |c BK | ||
| 945 | |d 20160713 20:53:00 |a dcastane | ||
| 260 | |a Madrid |b Tecnos S. A |c 1996 | ||
| 650 | 0 | |a Literatura española |9 306261 | |
| 650 | 7 | |a LITERATURA ESPAÑOLA SIGLO 18 |2 CL-VaPUC |9 353543 | |
| 583 | |a last modification |c 20160713 20:53:00 |k Rodrigo Vera | ||
| 490 | 0 | |a Ciencia Política | |
| 999 | |c 365462 |d 365460 | ||
| 952 | |0 0 |1 0 |3 erb |4 0 |6 860_000000000000000_LAR_1996 |7 0 |8 A |9 479326 |a FDOHBE |b FDOHBE |e Huesbe Llanos, Marco Antonio, 1934- |i 5330912 |o 860 LAR 1996 |p 5330912 |r 2024-01-30 |w 2019-11-24 |y BK |z Catalogado en:20160713 |k HBE | ||